| 000 | 00755nam a22002177a 4500 | ||
|---|---|---|---|
| 999 |
_c65537 _d65537 |
||
| 005 | 20240530110830.0 | ||
| 008 | 190903s2007 ua a g b 000 0 ara d | ||
| 017 |
_a2007/26872 _bمصر. دار الكتب |
||
| 020 | _a9789776270534 | ||
| 040 |
_aEG-CaGPL _cEG-CaGPL |
||
| 082 | 0 | 4 |
_221 _a252.42 \ _bع ك |
| 100 | 0 | _aعلى محمود عقيلى | |
| 245 | 1 | 0 |
_aكيف تحسب زكاة المال ببساطة / _cتأليف على محمود عقيلى |
| 250 | _aط.1 | ||
| 260 |
_aالقاهرة : _bدار الفاروق للاستثمارات الثقافية، _c2007 |
||
| 300 |
_a96 ص. ؛ _c24 سم. |
||
| 650 | 0 | 7 |
_2qrmak _aزكاة المال |
| 651 | _2qrmak | ||
| 942 |
_2ddc _cBK |
||